| 000 | 00378nam a22001337a 4500 | ||
|---|---|---|---|
| 020 | _a9787119114729 | ||
| 082 |
_a299.51 _bXIA |
||
| 100 | _aYE XIAOWEN | ||
| 245 |
_aPluralism and harmony in the religions of China _cYE XIAOWEN |
||
| 260 |
_aBeijing _bForeign Languages Press _c2018 |
||
| 300 | _a290p | ||
| 942 |
_2ddc _cBK |
||
| 999 |
_c587899 _d587899 |
||